Ground Type Pokemon Abilities - Statistics

General Stats
  • This quiz has been taken 51 times
    11 since last reset
  • The average score is 58 of 76
Answer Stats
Gen Ability % Correct
3 Drought
100%
3 Hyper Cutter
100%
5 Intimidate
100%
3 Levitate
100%
4 Overgrow
100%
3 Poison Point
100%
3 Rock Head
100%
5 Sand Rush
100%
4 Sand Stream
100%
3 Sand Veil
100%
4 Solid Rock
100%
7 Stamina
100%
4 Storm Drain
100%
3 Sturdy
100%
5 Swift Swim
100%
3 Torrent
100%
3 Water Absorb
100%
5 Anger Point
83%
3 Damp
83%
6 Huge Power
83%
5 Iron Fist
83%
3 Lightning Rod
83%
5 Mold Breaker
83%
5 Moxie
83%
9 Mycelium Might
83%
3 Oblivious
83%
5 Overcoat
83%
5 Own Tempo
83%
3 Pickup
83%
9 Piercing Drill
83%
5 Poison Heal
83%
5 Reckless
83%
4 Rivalry
83%
5 Rough Skin
83%
5 Run Away
83%
5 Sand Force
83%
8 Sand Spit
83%
3 Shed Skin
83%
5 Sheer Force
83%
5 Shell Armor
83%
5 Static
83%
5 Unaware
83%
7 Water Compaction
83%
4 Anticipation
67%
3 Arena Trap
67%
6 Aura Break
67%
5 Battle Armor
67%
8 Bulletproof
67%
3 Compoundeyes
67%
6 Desolate Land
67%
3 Guts
67%
5 Klutz
67%
5 Limber
67%
3 Magma Armor
67%
9 Mind's Eye
67%
4 Multitype
67%
5 No Guard
67%
7 Power Construct
67%
9 Protosynthesis
67%
9 Quark Drive
67%
7 RKS System
67%
4 Snow Cloak
67%
4 Sticky Hold
67%
5 Thick Fat
67%
9 Vessel of Ruin
67%
6 Cheek Pouch
50%
5 Hydration
50%
5 Immunity
50%
7 Inner Focus
50%
4 Simple
50%
8 Unnerve
50%
8 Wandering Spirit
50%
5 Weak Armor
50%
8 Mimicry
33%
7 Tangling Hair
33%
9 Unseen Fist
17%
No matching quizzes found
Score Distribution
Percent of People with Each Score
Percentile by Number Answered
Your Score History
You have not taken this quiz since the last reset